|
|
|
|
| LEADER |
01614nem a2200373 a 4500 |
| 001 |
001290361 |
| 003 |
CZ BrMZK |
| 005 |
20140206152549.0 |
| 007 |
aj|canzn |
| 008 |
111208s1972 xo bcg a 0| slo d |
| 034 |
1 |
|
|a a
|b 1500000
|d E0114119
|e E0224906
|f N0511019
|g N0472113
|
| 040 |
|
|
|a BOA001
|b cze
|
| 043 |
|
|
|a e-cs---
|2 czenas
|
| 072 |
|
7 |
|a 913(437)
|x Geografie Česka a Slovenska, reálie, cestování
|2 Konspekt
|9 7
|
| 072 |
|
7 |
|a 912
|x Mapy. Atlasy. Glóby
|2 Konspekt
|9 7
|
| 080 |
|
|
|a (437)
|2 MRF
|
| 080 |
|
|
|a (084.3)
|2 MRF
|
| 080 |
|
|
|a (084.3)371.673
|2 MRF
|
| 110 |
2 |
|
|a Slovenská kartografia
|7 ko2003206561
|4 ctg
|4 prt
|4 pbl
|
| 245 |
1 |
0 |
|a Československá socialistická republika
|h [kartografický dokument] :
|b všeobecnozemepisná mapa /
|c vydala, spracovala a vytlačila Slovenská kartografia ; zodpovedná redaktorka: Marta Hajčíková ; technická redaktorka: Zlatica Sopková
|
| 250 |
|
|
|a 6. vyd.
|
| 255 |
|
|
|a Měřítko 1:1 500 000
|c (011°41´19" v.d.--022°49´06" v.d./051°10´19" s.š.--047°21´13" s.š.)
|
| 260 |
|
|
|a Bratislava :
|b Slovenská kartografia,
|c 1972
|
| 300 |
|
|
|a 1 mapa :
|b barev. ;
|c 29 x 53 cm, list 34 x 60 cm
|
| 500 |
|
|
|a Výr. čís. 72 337
|
| 655 |
|
7 |
|a školní mapy
|7 fd133894
|2 czenas
|
| 655 |
|
4 |
|a obecně zeměpisné mapy
|
| 651 |
|
7 |
|a Československo
|7 ge131689
|2 czenas
|
| 700 |
1 |
|
|a Hajčíková, Marta,
|d 1934-
|7 mzk2006343301
|4 pbd
|
| 700 |
1 |
|
|a Sopková, Zlatica
|4 red
|
| 856 |
4 |
1 |
|u http://www.digitalniknihovna.cz/mzk/uuid/uuid:8fbc7b4d-48ea-457d-ad70-8c340e5ea35b
|y Digitalizovaný dokument
|
| 910 |
|
|
|a BOA001
|b Mpa-0655.890-72
|
| 990 |
|
|
|a MP
|
| 991 |
|
|
|b 201304
|